[Event "Bulgaria tch 2005"]
[Site "Sunny Beach BUL"]
[Date "2005.10.01"]
[Round "6.2"]
[White "Mladenov, Plamen"]
[Black "Janev, Evgeni"]
[Result "0-1"]
[WhiteElo "2205"]
[BlackElo "2460"]
[PlyCount "104"]
[EventDate "2005.09.26"]
[EventType "team"]
[EventRounds "7"]
[EventCountry "BUL"]
[Source "lmi"]
[SourceDate "2005.10.02"]

1. d4 Nf6 2. Bg5 c5 3. Bxf6 gxf6 4. d5 Qb6 5. Qc1 f5 6. c4 Bh6 7. e3 Na6 8. Nc3
Qg6 9. f4 d6 10. Nf3 Bd7 11. g3 Bg7 12. Nh4 Qh6 13. Qb1 Bf6 14. Nf3 Qg7 15. Qc2
Nc7 16. Bd3 e6 17. e4 Bxc3+ 18. bxc3 fxe4 19. Bxe4 exd5 20. Bxd5 Nxd5 21. cxd5
O-O-O 22. O-O Rde8 23. Rfe1 h5 24. Nh4 Qf6 25. Qd2 Qd8 26. Nf3 Bf5 27. Ng5 Qd7
28. Rxe8+ Rxe8 29. Re1 Kc7 30. Kf2 f6 31. Ne6+ Bxe6 32. dxe6 Rxe6 33. Qd5 Rxe1
34. Kxe1 Qe8+ 35. Kf2 a5 36. h3 Qg6 37. g4 hxg4 38. hxg4 Qc2+ 39. Kg3 Qxc3+ 40.
Kh4 Qd4 41. Qf5 c4 42. Qxa5+ Kc6 43. Qa4+ Kd5 44. Qb5+ Ke4 45. Qxb7+ Kxf4 46.
Qg2 Ke5 47. Qf3 Qd3 48. Qb7 Kf4 49. Kh5 c3 50. g5 Qh3+ 51. Kg6 Qf5+ 52. Kg7
Qxg5+ 0-1

[Event "Bulgaria tch 2005"]
[Site "Sunny Beach BUL"]
[Date "2005.10.01"]
[Round "6.2"]
[White "Iotov, Valentin"]
[Black "Tzekov, Svetozar"]
[Result "1-0"]
[WhiteElo "2447"]
[BlackElo "2147"]
[PlyCount "131"]
[EventDate "2005.09.26"]
[EventType "team"]
[EventRounds "7"]
[EventCountry "BUL"]
[Source "lmi"]
[SourceDate "2005.10.02"]

1. d4 d5 2. Nf3 Nf6 3. c4 c6 4. Nc3 a6 5. c5 Bg4 6. Ne5 Bh5 7. Qb3 Ra7 8. e4
dxe4 9. Be2 e6 10. Bxh5 Nxh5 11. O-O Nf6 12. Bg5 Be7 13. Rad1 O-O 14. Rfe1 Nbd7
15. Nc4 Re8 16. h3 Nd5 17. Bxe7 Rxe7 18. Nxe4 N7f6 19. Ned6 Ne8 20. Ne4 Nef6
21. Ng5 Ra8 22. Nf3 Qc7 23. Nfe5 Nd7 24. a4 a5 25. h4 Rb8 26. Qc2 Nb4 27. Qd2
Nf6 28. Ra1 Rd8 29. Ra3 Nfd5 30. Nd6 Nf6 31. Rg3 Ne8 32. Nec4 Nxd6 33. cxd6
Rxd6 34. Nxd6 Qxd6 35. h5 Rd7 36. Rd1 e5 37. Qe2 f6 38. h6 g6 39. f4 e4 40.
Qxe4 Re7 41. Qf5 Kf7 42. Qc5 Qxc5 43. dxc5 Nd5 44. Rd4 f5 45. Rb3 Nf6 46. Rd8
Ne4 47. Re3 Kf6 48. Rf8+ Ke6 49. g4 Rd7 50. gxf5+ gxf5 51. Rg8 Rd1+ 52. Kh2
Rd2+ 53. Rg2 Rxg2+ 54. Kxg2 Kf6 55. Rd3 Nxc5 56. Rd6+ Ke7 57. Rg6 Ne6 58. Rg8
Kf7 59. Ra8 Nxf4+ 60. Kf3 Nd3 61. Ra7 Kg6 62. Rxb7 Nc5 63. Rb6 Nxa4 64. Rxc6+
Kg5 65. Rc2 Nb6 66. Rc7 1-0

[Event "Bulgaria tch 2005"]
[Site "Sunny Beach BUL"]
[Date "2005.10.01"]
[Round "6.2"]
[White "Velcev, Nikolaj"]
[Black "Vasilev, Milen"]
[Result "0-1"]
[WhiteElo "2290"]
[BlackElo "2419"]
[PlyCount "95"]
[EventDate "2005.09.26"]
[EventType "team"]
[EventRounds "7"]
[EventCountry "BUL"]
[Source "lmi"]
[SourceDate "2005.10.02"]

1. e4 c5 2. Nf3 d6 3. d4 cxd4 4. Nxd4 Nf6 5. Nc3 g6 6. g3 Bg7 7. Bg2 O-O 8. O-O
Nc6 9. Nde2 Rb8 10. a4 a6 11. Nd5 b5 12. axb5 axb5 13. Bg5 Nd7 14. c3 h6 15.
Be3 e6 16. Nb4 Nxb4 17. cxb4 Ne5 18. Bd4 Bb7 19. h3 d5 20. f4 Nc4 21. b3 Bxd4+
22. Qxd4 Nd6 23. exd5 Nf5 24. Qf2 Bxd5 25. Rfd1 Qf6 26. Bxd5 exd5 27. Nd4 Rfe8
28. Rac1 Nxd4 29. Rxd4 Re2 30. Qxe2 Qxd4+ 31. Qf2 Qxb4 32. f5 Qd6 33. fxg6 fxg6
34. Kh2 d4 35. Qd2 h5 36. h4 Rf8 37. Qd3 Rf2+ 38. Kg1 Rf7 39. Rf1 b4 40. Rxf7
Kxf7 41. Kf2 Kg7 42. Kf3 Qe5 43. Kg2 Qd5+ 44. Kf2 Kf6 45. Qa6+ Qe6 46. Qa8 Qe3+
47. Kg2 Qe2+ 48. Kh3 0-1

[Event "Bulgaria tch 2005"]
[Site "Sunny Beach BUL"]
[Date "2005.10.01"]
[Round "6.3"]
[White "Lukov, Valentin"]
[Black "Petrov, Marijan"]
[Result "1/2-1/2"]
[WhiteElo "2439"]
[BlackElo "2406"]
[PlyCount "24"]
[EventDate "2005.09.26"]
[EventType "team"]
[EventRounds "7"]
[EventCountry "BUL"]
[Source "lmi"]
[SourceDate "2005.10.02"]

1. Nf3 Nf6 2. c4 c6 3. Nc3 d5 4. e3 g6 5. d4 Bg7 6. Bd3 O-O 7. O-O Bg4 8. h3
Bxf3 9. Qxf3 e6 10. Rd1 Nbd7 11. b3 a6 12. Bb2 b5 1/2-1/2

[Event "Bulgaria tch 2005"]
[Site "Sunny Beach BUL"]
[Date "2005.10.02"]
[Round "7.1"]
[White "Badev, Kiril"]
[Black "Savchenko, Stanislav"]
[Result "1-0"]
[WhiteElo "2241"]
[BlackElo "2506"]
[PlyCount "27"]
[EventDate "2005.09.26"]
[EventType "team"]
[EventRounds "7"]
[EventCountry "BUL"]
[Source "lmi"]
[SourceDate "2005.10.02"]

1. e4 c5 2. Nf3 e6 3. b3 b6 4. d4 cxd4 5. Nxd4 Bb7 6. Nb5 a6 7. Nd6+ Bxd6 8.
Qxd6 Nf6 9. f3 Nc6 10. Be3 b5 11. a4 Qa5+ 12. Kf2 bxa4 13. Rxa4 Qe5 14. Bc5 1-0

[Event "Bulgaria tch 2005"]
[Site "Sunny Beach BUL"]
[Date "2005.10.02"]
[Round "7.1"]
[White "Chatalbashev, Boris"]
[Black "Ilijev, Mitko"]
[Result "1-0"]
[WhiteElo "2499"]
[BlackElo "2255"]
[PlyCount "69"]
[EventDate "2005.09.26"]
[EventType "team"]
[EventRounds "7"]
[EventCountry "BUL"]
[Source "lmi"]
[SourceDate "2005.10.02"]

1. d4 Nf6 2. c4 g6 3. Nc3 Bg7 4. e4 d6 5. Bd3 O-O 6. Nge2 Nc6 7. O-O Nd7 8. Be3
e5 9. d5 Nd4 10. Rc1 Nxe2+ 11. Qxe2 f5 12. exf5 gxf5 13. f4 exf4 14. Bxf4 Ne5
15. c5 a6 16. Kh1 Kh8 17. Bb1 Bd7 18. Qf2 Qe8 19. cxd6 cxd6 20. Qb6 Qg6 21. Rc2
Rab8 22. Rcf2 Ng4 23. Rf3 Be5 24. h3 Bxf4 25. Rxf4 Ne5 26. Qf2 Rg8 27. Bxf5
Bxf5 28. Rxf5 Rbe8 29. Ne4 Re7 30. Rg5 Qh6 31. Rxg8+ Kxg8 32. Nxd6 Ng4 33. Qg3
Rg7 34. Nf5 Qf6 35. hxg4 1-0

[Event "Bulgaria tch 2005"]
[Site "Sunny Beach BUL"]
[Date "2005.10.02"]
[Round "7.1"]
[White "Janev, Evgeni"]
[Black "Kirov, Nino"]
[Result "1/2-1/2"]
[WhiteElo "2460"]
[BlackElo "2427"]
[PlyCount "58"]
[EventDate "2005.09.26"]
[EventType "team"]
[EventRounds "7"]
[EventCountry "BUL"]
[Source "lmi"]
[SourceDate "2005.10.02"]

1. c4 c5 2. Nc3 Nf6 3. e3 g6 4. d4 cxd4 5. exd4 Bg7 6. Nf3 O-O 7. Be2 d5 8.
cxd5 Nxd5 9. O-O Nc6 10. Qb3 Be6 11. Qxb7 Nxd4 12. Nxd4 Bxd4 13. Bh6 Qc8 14.
Ba6 Nxc3 15. bxc3 Bg7 16. Bxg7 Kxg7 17. a4 Qxb7 18. Bxb7 Rab8 19. Ba6 Rb6 20.
Bb5 Rc8 21. Rfc1 Bc4 22. Bd7 Rd8 23. Bb5 Bxb5 24. axb5 Rxb5 25. Rxa7 Rd2 26.
Rxe7 Rbb2 27. Rf1 Rbc2 28. Re3 Rd7 29. h4 Rc7 1/2-1/2

[Event "Bulgaria tch 2005"]
[Site "Sunny Beach BUL"]
[Date "2005.10.02"]
[Round "7.1"]
[White "Panajotov, Janko"]
[Black "Iotov, Valentin"]
[Result "1/2-1/2"]
[WhiteElo "2302"]
[BlackElo "2447"]
[PlyCount "148"]
[EventDate "2005.09.26"]
[EventType "team"]
[EventRounds "7"]
[EventCountry "BUL"]
[Source "lmi"]
[SourceDate "2005.10.02"]

1. d4 Nf6 2. Nf3 e6 3. Bg5 h6 4. Bxf6 Qxf6 5. e4 d6 6. Nc3 Nd7 7. Be2 Qd8 8.
O-O Be7 9. d5 e5 10. a4 a5 11. Nd2 O-O 12. Nc4 g6 13. Nb5 Nc5 14. f3 c6 15. Nc3
f5 16. Kh1 Kg7 17. Bd3 Bg5 18. Qe2 Rb8 19. Rfd1 cxd5 20. Nxd5 Be6 21. Ncb6 h5
22. c3 Rf7 23. Bc2 fxe4 24. Bxe4 Nxe4 25. Qxe4 h4 26. h3 Bf5 27. Qe2 Qe8 28.
Kh2 Qe6 29. Re1 Rbf8 30. Rf1 Bd8 31. Rad1 e4 32. f4 g5 33. Nc4 Qh6 34. fxg5
Bxg5 35. Nde3 Bf4+ 36. Kh1 Bd7 37. b3 Qg6 38. Nd5 Bg3 39. Rxf7+ Qxf7 40. Nce3
Qf2 41. Qxf2 Rxf2 42. Nb6 Be6 43. Nbc4 Re2 44. Nf1 Bxc4 45. bxc4 Be5 46. Kg1
Kg6 47. Rd2 Re1 48. Kf2 Ra1 49. Re2 Kf5 50. Ne3+ Ke6 51. Nd5 Bg3+ 52. Ke3 Ke5
53. Rb2 Rxa4 54. Rb5 Ke6 55. Nb6 Ra3 56. Nd5 Ra1 57. Kxe4 Re1+ 58. Kf3 Rf1+ 59.
Kg4 Re1 60. Kf3 Rf1+ 61. Kg4 Re1 62. Kf3 Rf1+ 63. Kg4 Rf7 64. Rxa5 Ke5 65. Ne3+
Ke4 66. Nf5 Be5 67. Nxh4 Rg7+ 68. Kh5 Bxc3 69. Rd5 Be5 70. Ng6 Kf5 71. g4+ Kf6
72. g5+ Kf5 73. Nh4+ Kf4 74. Ng6+ Kf5 1/2-1/2

[Event "Bulgaria tch 2005"]
[Site "Sunny Beach BUL"]
[Date "2005.10.02"]
[Round "7.1"]
[White "Rusev, Krasimir"]
[Black "Milchev, Nikolay"]
[Result "1-0"]
[WhiteElo "2426"]
[BlackElo "2182"]
[PlyCount "53"]
[EventDate "2005.09.26"]
[EventType "team"]
[EventRounds "7"]
[EventCountry "BUL"]
[Source "lmi"]
[SourceDate "2005.10.02"]

1. d4 c5 2. d5 Nf6 3. c4 Ne4 4. Qc2 Qa5+ 5. Nd2 Nd6 6. b3 g6 7. Bb2 f6 8. h4
Bh6 9. e3 Na6 10. a3 Nf7 11. h5 Rg8 12. hxg6 hxg6 13. d6 f5 14. Ne2 e6 15. Rxh6
Nxh6 16. Nc3 Qd8 17. Be2 b6 18. Bf3 Rb8 19. O-O-O Bb7 20. Nb5 Nf7 21. Bc3 Bxf3
22. Nxf3 Ng5 23. Rh1 Rb7 24. Qb2 Ne4 25. Rh7 Qb8 26. Bf6 Rf8 27. Be7 1-0

[Event "Bulgaria tch 2005"]
[Site "Sunny Beach BUL"]
[Date "2005.10.02"]
[Round "7.2"]
[White "Arnaudov, G  Petar"]
[Black "Radulski, Julian"]
[Result "1/2-1/2"]
[WhiteElo "2207"]
[BlackElo "2502"]
[PlyCount "63"]
[EventDate "2005.09.26"]
[EventType "team"]
[EventRounds "7"]
[EventCountry "BUL"]
[Source "lmi"]
[SourceDate "2005.10.02"]

1. d4 e6 2. c4 f5 3. Nf3 Nf6 4. g3 d5 5. Bg2 c6 6. O-O Bd6 7. b3 Qe7 8. Bb2 O-O
9. Qc1 b5 10. Ba3 b4 11. Bb2 a5 12. a3 Ba6 13. Ne5 Rc8 14. Nd3 Qb7 15. Nd2 Nbd7
16. axb4 axb4 17. c5 Bc7 18. Nf3 Ne4 19. Qe1 Rcb8 20. Bc1 e5 21. Be3 Nc3 22.
dxe5 Bxd3 23. exd3 Rxa1 24. Qxa1 Nxe5 25. Bd4 Nxd3 26. Bxc3 bxc3 27. Qxc3 Qxb3
28. Qxb3 Rxb3 29. Nd4 Rc3 30. Nxc6 Rxc5 31. Ne7+ Kf8 32. Nxd5 1/2-1/2

[Event "Bulgaria tch 2005"]
[Site "Sunny Beach BUL"]
[Date "2005.10.02"]
[Round "7.2"]
[White "Ninov, Nikolai"]
[Black "Mishev, Liubomir"]
[Result "1-0"]
[WhiteElo "2493"]
[BlackElo "2254"]
[PlyCount "167"]
[EventDate "2005.09.26"]
[EventType "team"]
[EventRounds "7"]
[EventCountry "BUL"]
[Source "lmi"]
[SourceDate "2005.10.02"]

1. e4 g6 2. d4 Bg7 3. Nc3 c6 4. h3 d6 5. a4 a5 6. Nf3 Nf6 7. Be2 O-O 8. O-O Qc7
9. Be3 e5 10. dxe5 dxe5 11. Bc4 h6 12. Qb1 b6 13. Qa2 Na6 14. Rad1 Kh7 15. Rd2
Nh5 16. Rfd1 Nf4 17. Bxa6 Rxa6 18. Qc4 Qb7 19. Rd6 b5 20. axb5 cxb5 21. Qxb5
Qxb5 22. Nxb5 Bb7 23. Ra1 Rfa8 24. Rxa6 Rxa6 25. Nd2 f5 26. Nc3 Ne6 27. Nc4 Nd4
28. Rxa5 Nxc2 29. Rxa6 Bxa6 30. Na5 Nxe3 31. fxe3 Bf8 32. Kf2 Bd6 33. Nd5 Kg7
34. b3 Kf7 35. Nc4 Bb8 36. exf5 gxf5 37. g4 Bc8 38. Kg3 Be6 39. e4 fxe4 40. Nc3
e3 41. Kf3 h5 42. gxh5 Bxh3 43. Nxe3 Be6 44. b4 Kg7 45. Ng4 Bf7 46. h6+ Kg6 47.
Ne4 Bd5 48. b5 Bc7 49. h7 Bxe4+ 50. Kxe4 Kxh7 51. Nxe5 Kg7 52. Kd5 Kf6 53. Nc4
Ke7 54. Kc6 Kd8 55. Nd6 Bb8 56. b6 Ke7 57. Ne4 Kd8 58. Nc5 Bh2 59. Na6 Kc8 60.
b7+ Kd8 61. Nc5 Bb8 62. Ne6+ Ke7 63. Nd4 Kd8 64. Nb5 Ke7 65. Nc3 Kd8 66. Nd5
Bh2 67. Ne3 Be5 68. Ng4 Bf4 69. Nh6 Bb8 70. Nf5 Bc7 71. Nd6 Bb8 72. Nf5 Bc7 73.
Nd6 Bb8 74. Nf7+ Ke7 75. Ng5 Kd8 76. Ne4 Ke7 77. Kb6 Kd7 78. Nc5+ Kd8 79. Kc6
Ke7 80. Na6 Ba7 81. Kc7 Kf6 82. Kc8 Ke7 83. Nc7 Kf8 84. Nb5 1-0

[Event "Bulgaria tch 2005"]
[Site "Sunny Beach BUL"]
[Date "2005.10.02"]
[Round "7.2"]
[White "Rahnev, Alexandr"]
[Black "Bratanov, Zsivko"]
[Result "0-1"]
[WhiteElo "2103"]
[BlackElo "2408"]
[PlyCount "98"]
[EventDate "2005.09.26"]
[EventType "team"]
[EventRounds "7"]
[EventCountry "BUL"]
[Source "lmi"]
[SourceDate "2005.10.02"]

1. d4 Nf6 2. Nf3 e6 3. Bg5 h6 4. Bh4 d6 5. h3 b6 6. Nbd2 Bb7 7. c3 Nbd7 8. Qc2
c5 9. Rd1 Rc8 10. e3 Be7 11. Be2 O-O 12. O-O a6 13. Rfe1 cxd4 14. exd4 b5 15.
Bf1 Nb6 16. Qd3 Na4 17. Qb1 Bd5 18. Rc1 Re8 19. Qa1 Nb6 20. b3 Bxf3 21. Nxf3 d5
22. a4 Ra8 23. Ne5 bxa4 24. bxa4 Qd6 25. a5 Nbd7 26. Qa4 Rec8 27. Rc2 Bf8 28.
Bd3 Nxe5 29. dxe5 Qd7 30. Qf4 Ne8 31. Qg4 Rc6 32. f4 Rac8 33. Rec1 Ba3 34. Rd1
Be7 35. Be1 g6 36. Qe2 Qc7 37. c4 dxc4 38. Be4 Rc5 39. Bb4 Rb5 40. Bxe7 Qxe7
41. Rxc4 Rxc4 42. Qxc4 Rxa5 43. Rb1 Qc7 44. Qd3 Rb5 45. Rxb5 axb5 46. Qxb5 Qc1+
47. Kh2 Qxf4+ 48. Kg1 Qxe4 49. Qxe8+ Kg7 0-1

[Event "Bulgaria tch 2005"]
[Site "Sunny Beach BUL"]
[Date "2005.10.02"]
[Round "7.2"]
[White "Kozhuharov, Spas"]
[Black "Pelitov, Dimitar"]
[Result "1-0"]
[WhiteElo "2391"]
[BlackElo "2201"]
[PlyCount "66"]
[EventDate "2005.09.26"]
[EventType "team"]
[EventRounds "7"]
[EventCountry "BUL"]
[Source "lmi"]
[SourceDate "2005.10.02"]

1. e4 e6 2. d4 d5 3. Nd2 b6 4. c3 dxe4 5. Nxe4 Bb7 6. Bb5+ c6 7. Bd3 Nf6 8.
Nxf6+ gxf6 9. Ne2 Bd6 10. Bf4 Qc7 11. Qd2 Nd7 12. O-O-O O-O-O 13. Kb1 Kb8 14.
Be4 Nf8 15. h4 Ng6 16. Bh6 f5 17. Bf3 Rhg8 18. g3 c5 19. Qe3 Rde8 20. h5 Ne7
21. Bxb7 Kxb7 22. Bf4 c4 23. Bxd6 Qxd6 24. Qh6 Nd5 25. Rh4 b5 26. Nf4 Rh8 27.
Qg7 Nxf4 28. Rxf4 Qc7 29. d5 Rd8 30. Rfd4 Rhg8 31. Qxh7 e5 32. d6 Qd7 33. Rd5
a6 1-0

[Event "Bulgaria tch 2005"]
[Site "Sunny Beach BUL"]
[Date "2005.10.02"]
[Round "7.3"]
[White "Dobrev, Nanko"]
[Black "Petkov, Vladimir"]
[Result "1-0"]
[WhiteElo "2426"]
[BlackElo "2475"]
[PlyCount "81"]
[EventDate "2005.09.26"]
[EventType "team"]
[EventRounds "7"]
[EventCountry "BUL"]
[Source "lmi"]
[SourceDate "2005.10.02"]

1. d4 Nf6 2. Nf3 e6 3. Bg5 h6 4. Bxf6 Qxf6 5. e4 d6 6. Nc3 g6 7. e5 Qe7 8. Bd3
Bg7 9. Qe2 dxe5 10. dxe5 Bd7 11. O-O-O Bc6 12. Be4 O-O 13. h4 a5 14. Rd3 a4 15.
a3 Ra5 16. Qd2 Be8 17. Ne2 b6 18. Rd1 Nc6 19. Bxc6 Bxc6 20. Nfd4 Bd5 21. Nc3
Qxh4 22. f4 Bb7 23. Ndb5 Qg4 24. Nxc7 Qxg2 25. Qe3 Rc5 26. N7b5 h5 27. R1d2 Qg4
28. Nd6 Bc6 29. Nde4 Rc4 30. Rd4 Rxd4 31. Rxd4 h4 32. Rd1 Rc8 33. Rg1 Qh5 34.
Rg5 Qh6 35. Qh3 Rd8 36. Rg4 Qh5 37. Ng5 Bh6 38. Rxh4 Bxg5 39. Rxh5 gxh5 40.
Qxh5 Bxf4+ 41. Kb1 1-0

[Event "Bulgaria tch 2005"]
[Site "Sunny Beach BUL"]
[Date "2005.10.02"]
[Round "7.3"]
[White "Genov, Petar"]
[Black "Bojchev, Marian"]
[Result "1-0"]
[WhiteElo "2469"]
[BlackElo "2240"]
[PlyCount "87"]
[EventDate "2005.09.26"]
[EventType "team"]
[EventRounds "7"]
[EventCountry "BUL"]
[Source "lmi"]
[SourceDate "2005.10.02"]

1. c4 c5 2. Nc3 Nc6 3. g3 g6 4. Bg2 Bg7 5. Nf3 a6 6. a3 Rb8 7. Rb1 b5 8. cxb5
axb5 9. b4 cxb4 10. axb4 d5 11. d4 e6 12. O-O Nge7 13. Bf4 Rb6 14. Qd2 Nf5 15.
e3 O-O 16. Rfc1 Ba6 17. Bf1 Qe7 18. Ne2 Rc8 19. Rc2 f6 20. h4 Bf8 21. Rcb2 Nd8
22. Nc1 Nf7 23. Nd3 N5d6 24. Bxd6 Nxd6 25. Rc2 Rxc2 26. Qxc2 Nc4 27. Ra1 e5 28.
Nc5 Bc8 29. Ra8 Bg4 30. Bg2 Rc6 31. Kh2 e4 32. Nd2 g5 33. hxg5 fxg5 34. Kg1 Qg7
35. Ra6 Rxa6 36. Nxa6 Qa7 37. Nc5 Qa3 38. Ndxe4 dxe4 39. Qxe4 h5 40. Qg6+ Kh8
41. Bd5 Qa1+ 42. Kh2 Bg7 43. Qe8+ Kh7 44. Be4+ 1-0

[Event "Bulgaria tch 2005"]
[Site "Sunny Beach BUL"]
[Date "2005.10.02"]
[Round "7.3"]
[White "Gochev, Mladen"]
[Black "Petrov, Marijan"]
[Result "0-1"]
[WhiteElo "2254"]
[BlackElo "2406"]
[PlyCount "68"]
[EventDate "2005.09.26"]
[EventType "team"]
[EventRounds "7"]
[EventCountry "BUL"]
[Source "lmi"]
[SourceDate "2005.10.02"]

1. d4 g6 2. e4 Bg7 3. Nc3 d6 4. g3 Nc6 5. d5 Nb8 6. Bg2 e5 7. dxe6 fxe6 8. Nge2
Nc6 9. O-O Nge7 10. h3 a6 11. a4 Rb8 12. a5 O-O 13. h4 Ne5 14. Nf4 N7c6 15. Ra4
b5 16. axb6 cxb6 17. Nce2 b5 18. Ra1 a5 19. Rb1 a4 20. b3 Ra8 21. Bb2 a3 22.
Ba1 b4 23. Kh1 Qe7 24. c4 bxc3 25. Bxc3 Ba6 26. Bh3 Rf6 27. Re1 Raf8 28. Nxe6
Nd3 29. Rf1 Rxe6 30. Bxg7 Kxg7 31. f3 Ref6 32. Bg2 Qa7 33. Kh2 Nce5 34. Rc1 Qe3
0-1

[Event "Bulgaria tch 2005"]
[Site "Sunny Beach BUL"]
[Date "2005.10.02"]
[Round "7.3"]
[White "Drenchev, Petar"]
[Black "Panbukchian, Valentin"]
[Result "1/2-1/2"]
[WhiteElo "2412"]
[BlackElo "2339"]
[PlyCount "75"]
[EventDate "2005.09.26"]
[EventType "team"]
[EventRounds "7"]
[EventCountry "BUL"]
[Source "lmi"]
[SourceDate "2005.10.02"]

1. e4 d5 2. exd5 Qxd5 3. Nc3 Qd6 4. d4 Nf6 5. Nf3 a6 6. g3 Bg4 7. h3 Bxf3 8.
Qxf3 Nc6 9. Be3 e6 10. O-O-O O-O-O 11. Bg2 Qb4 12. a3 Qa5 13. Rd3 Be7 14. Qd1
Rd6 15. Bf4 e5 16. dxe5 Nxe5 17. Rxd6 Bxd6 18. Qd4 Re8 19. Ne4 Nxe4 20. Qxe4
Qb5 21. a4 Qb4 22. Qxb4 Bxb4 23. Be3 Nc4 24. Bd4 f6 25. b3 Nd6 26. g4 Ne4 27.
Be3 g6 28. Rf1 f5 29. Bf3 c6 30. gxf5 gxf5 31. Rg1 Bc3 32. Bh5 Rf8 33. Bh6 Rd8
34. f3 Nf2 35. Be3 Bd4 36. Bxf2 Bxf2 37. Rg2 Bd4 38. Bf7 1/2-1/2

[Event "Bulgaria tch 2005"]
[Site "Sunny Beach BUL"]
[Date "2005.10.02"]
[Round "7.3"]
[White "Popov, Luben"]
[Black "Ljangov, Petar"]
[Result "1/2-1/2"]
[WhiteElo "2313"]
[BlackElo "2140"]
[PlyCount "36"]
[EventDate "2005.09.26"]
[EventType "team"]
[EventRounds "7"]
[EventCountry "BUL"]
[Source "lmi"]
[SourceDate "2005.10.02"]

1. d4 Nf6 2. c4 e6 3. Nf3 b6 4. g3 Bb7 5. Bg2 Bb4+ 6. Bd2 Bxd2+ 7. Qxd2 O-O 8.
Nc3 d5 9. Ne5 Nbd7 10. O-O Ne4 11. Nxe4 dxe4 12. Qe3 f5 13. Rad1 Nxe5 14. dxe5
Qe7 15. Rd2 Rad8 16. Rfd1 Bc6 17. b3 Rxd2 18. Qxd2 Qc5 1/2-1/2

[Event "Bulgaria tch 2005 femenino"]
[Site "Sunny Beach BUL"]
[Date "2005.09.26"]
[Round "1.1"]
[White "Collas, Silvia"]
[Black "Genova, Ruzka"]
[Result "1-0"]
[WhiteElo "2372"]
[BlackElo "2219"]
[PlyCount "87"]
[EventDate "2005.09.26"]
[EventType "tourn"]
[EventRounds "9"]
[EventCountry "BUL"]
[Source "lmi"]
[SourceDate "2005.10.02"]

1. Nf3 Nf6 2. c4 c5 3. Nc3 e6 4. g3 b6 5. Bg2 Bb7 6. O-O Be7 7. Re1 d6 8. e4
Nbd7 9. d4 cxd4 10. Nxd4 Qc7 11. b3 Rd8 12. Bb2 a6 13. Rc1 O-O {Diagram #} 14.
Nd5 $5 exd5 15. cxd5 Nc5 (15... Qb8 16. Nc6 Bxc6 17. dxc6 Nc5 18. c7 Qxc7 19.
b4 $11 b5) 16. b4 Rb8 17. Nf5 Bc8 18. Nxe7+ Qxe7 19. e5 Nfd7 20. bxc5 bxc5 21.
exd6 Qxd6 22. Ba1 Rb4 23. a3 Rb6 24. Rc4 Rd8 25. Qd2 f6 26. Rce4 Nf8 27. Qa5
Rb5 28. Qc3 Bb7 29. Re7 c4 30. Qxc4 Bxd5 31. Bxd5+ Rxd5 32. Bc3 Qc5 33. Qxc5
Rxc5 34. Bb4 Rcd5 35. Ra7 Ng6 36. Re4 h5 37. Re6 Rd1+ 38. Kg2 Rc1 39. Rb6 Rdd1
40. Rbb7 Rg1+ 41. Kf3 Ne5+ 42. Ke4 Rc4+ 43. Kf5 Rg4 44. f4 1-0

[Event "Bulgaria tch 2005 femenino"]
[Site "Sunny Beach BUL"]
[Date "2005.09.26"]
[Round "1.1"]
[White "Genova, Liubka"]
[Black "Shtereva, Slaveja"]
[Result "1-0"]
[WhiteElo "2235"]
[BlackElo "2118"]
[PlyCount "77"]
[EventDate "2005.09.26"]
[EventType "tourn"]
[EventRounds "9"]
[EventCountry "BUL"]
[Source "lmi"]
[SourceDate "2005.10.02"]

1. e4 c5 2. Nf3 e6 3. d3 Nc6 4. g3 d6 5. Bg2 g6 6. O-O Bg7 7. c3 Nge7 8. Be3
O-O 9. Qd2 Rb8 10. Bh6 b5 11. Bxg7 Kxg7 12. d4 e5 13. Rd1 Qc7 14. Na3 Bg4 15.
Nc2 b4 16. dxc5 dxc5 17. Ne3 Rfd8 18. Qc2 Bxf3 19. Bxf3 bxc3 20. bxc3 Qb7 21.
Nc4 Qc7 22. Qa4 Rxd1+ 23. Rxd1 Rd8 24. Qb5 Rxd1+ 25. Bxd1 Nd8 26. Bb3 Nb7 27.
Nxe5 Qxe5 28. Qxb7 c4 29. Bxc4 Qxc3 30. Bb3 Qc5 31. Kg2 a5 32. h4 Qb4 33. Qxb4
axb4 34. f4 h6 35. Kf3 f6 36. Ke3 g5 37. h5 Nc6 38. Bd5 Ne7 39. Kd4 1-0

[Event "Bulgaria tch 2005 femenino"]
[Site "Sunny Beach BUL"]
[Date "2005.09.26"]
[Round "1.1"]
[White "Georgieva, Emilia"]
[Black "Savova, Stefka"]
[Result "0-1"]
[WhiteElo "2076"]
[BlackElo "2211"]
[PlyCount "86"]
[EventDate "2005.09.26"]
[EventType "tourn"]
[EventRounds "9"]
[EventCountry "BUL"]
[Source "lmi"]
[SourceDate "2005.10.02"]

1. d4 Nf6 2. Nf3 g6 3. c3 Bg7 4. Bg5 Ne4 5. Bh4 d5 6. e3 O-O 7. Nbd2 c5 8. Nxe4
dxe4 9. Ng5 cxd4 10. exd4 Bf6 11. Bc4 h6 12. Nxf7 Rxf7 13. Bxf7+ Kxf7 14. Bxf6
exf6 15. Qb3+ Kg7 16. d5 Na6 17. O-O b6 18. c4 Qd6 19. Rae1 Bf5 20. f3 Nc5 21.
Qa3 exf3 22. Rxf3 Be4 23. Rfe3 f5 24. b4 Nd7 25. g4 Kf7 26. Rf1 Qe5 27. Qa4 Nf6
28. Qc6 Nxg4 29. Qb7+ Kf6 30. Re2 Qd4+ 31. Ref2 Nxf2 32. Qc6+ Kg5 33. h4+ Kxh4
34. Rxf2 Rg8 35. Qd6 Qd1+ 36. Rf1 Qg4+ 37. Kf2 Qg2+ 38. Ke1 Qg3+ 39. Qxg3+ Kxg3
40. d6 Rc8 41. Rg1+ Bg2 42. Kd2 Rxc4 43. Ke3 Re4+ 0-1

[Event "Bulgaria tch 2005 femenino"]
[Site "Sunny Beach BUL"]
[Date "2005.09.26"]
[Round "1.2"]
[White "Voiska, Margarita"]
[Black "Velcheva, Maria"]
[Result "1/2-1/2"]
[WhiteElo "2328"]
[BlackElo "2274"]
[PlyCount "21"]
[EventDate "2005.09.26"]
[EventType "tourn"]
[EventRounds "9"]
[EventCountry "BUL"]
[Source "lmi"]
[SourceDate "2005.10.02"]

1. Nf3 Nf6 2. c4 e6 3. g3 d5 4. Bg2 Be7 5. O-O O-O 6. cxd5 exd5 7. d4 b6 8. Nc3
Bb7 9. Bf4 c6 10. Ne5 Nbd7 11. Nxd7 1/2-1/2

[Event "Bulgaria tch 2005 femenino"]
[Site "Sunny Beach BUL"]
[Date "2005.09.26"]
[Round "1.2"]
[White "Ilieva, Hristina"]
[Black "Djingarova, Emilia"]
[Result "1/2-1/2"]
[WhiteElo "2137"]
[BlackElo "2277"]
[PlyCount "56"]
[EventDate "2005.09.26"]
[EventType "tourn"]
[EventRounds "9"]
[EventCountry "BUL"]
[Source "lmi"]
[SourceDate "2005.10.02"]

1. d4 Nf6 2. Nf3 e6 3. c4 d5 4. Nc3 dxc4 5. e4 Bb4 6. Bg5 c5 7. Bxc4 cxd4 8.
Nxd4 Qa5 9. Bb5+ Bd7 10. Bxf6 gxf6 11. Bxd7+ Nxd7 12. O-O Bxc3 13. bxc3 a6 14.
Rb1 Qc7 15. Qh5 Ke7 16. Rfd1 Rag8 17. f4 Rg7 18. Nf3 Rhg8 19. g3 Qc5+ 20. Qxc5+
Nxc5 21. Rb6 Rc8 22. Rd4 Rgg8 23. e5 fxe5 24. Nxe5 Rgd8 25. Kg2 f6 26. Nf3 Rc7
27. Rxd8 Kxd8 28. f5 Ke7 1/2-1/2

[Event "Bulgaria tch 2005 femenino"]
[Site "Sunny Beach BUL"]
[Date "2005.09.26"]
[Round "1.2"]
[White "Chilingirova, Pavlina"]
[Black "Nikolova, Adriana"]
[Result "1-0"]
[WhiteElo "2200"]
[BlackElo "2035"]
[PlyCount "119"]
[EventDate "2005.09.26"]
[EventType "tourn"]
[EventRounds "9"]
[EventCountry "BUL"]
[Source "lmi"]
[SourceDate "2005.10.02"]

1. c4 c5 2. Nc3 Nc6 3. g3 g6 4. Bg2 Bg7 5. e3 e5 6. Nge2 Nge7 7. a3 O-O 8. Rb1
a5 9. O-O d6 10. Nb5 Be6 11. d3 d5 12. cxd5 Bxd5 13. Nec3 Bxg2 14. Kxg2 f5 15.
e4 b6 16. Bg5 Qd7 17. Qb3+ Kh8 18. Na4 Rab8 19. Rbd1 Bf6 20. Bh6 Bg7 21. Bxg7+
Kxg7 22. f4 Nd4 23. Nxd4 exd4 24. Qc2 Qc6 25. Kg1 Rfd8 26. Rfe1 fxe4 27. dxe4
c4 28. b4 axb4 29. axb4 c3 30. Ra1 Ra8 31. Qb3 Rdc8 32. b5 Qc4 33. Qxc4 Rxc4
34. Nxb6 Rxa1 35. Rxa1 Rc5 36. Kf2 Rxb5 37. Nc4 Rb4 38. Ne5 Rb2+ 39. Kf3 Nc8
40. Ra8 Nb6 41. Ra7+ Kg8 42. Rc7 Rxh2 43. Ng4 Rh1 44. Nf6+ Kf8 45. e5 Re1 46.
Kf2 Re3 47. Nxh7+ Ke8 48. Nf6+ Kd8 49. Rc6 Nd7 50. Nxd7 Kxd7 51. Rd6+ Ke7 52.
Rxd4 c2 53. Rc4 Rb3 54. Rxc2 Ke6 55. Re2 Rb5 56. Kf3 Rb3+ 57. Re3 Rb6 58. Kg4
Ke7 59. Kg5 Re6 60. g4 1-0